The foolish farmer

Bibliographic Details
Main Author: Ong, Johnny
Format: Book
Published: Petaling Jaya : Tioman Books , 1993
Subjects:

MARC

LEADER 00000cam a2200000 7i4500
001 0000009478
002 000010327
005 20000330.0
020 |a 9839817035 
090 0 0 |a JF   |b ONG 
100 1 |a Ong, Johnny 
245 0 4 |a The foolish farmer   |c Johnny Ong 
260 |a Petaling Jaya :   |b Tioman Books ,   |c 1993 
300 |a 24p. :   |b ill ;   |c 17cm. 
650 0 0 |a Children's stories, Malay 
999 |a 028816   |b BUKU   |c PINJAMAN   |e PERPUSTAKAAN KOMUNITI PETALING JAYA